Представление документа в формате MARC21

Поле Инд. ПП Название Значение
Тип записи a
Библиографический уровень m
001 Контрольный номер RU/LIBMSTU/412086205
005 Дата корректировки 20160127104202.9
008 Кодируемые данные 130124|||||||||ru |||||||||||000|||rus||
020 a ISBN 978-5-86185-703-1
040 b Код языка каталог. rus
041 a Код языка текста rus
084 a Индекс другой классификации/Индекс ББК 28.4
090 a Полочн. индекс 28.4
x Авторский знак Б 73
100 1_ a Автор Богданова О. Ю.
110 2_ a Организация/ юрисдикция Мурманский государственный технический университет
245 10 a Заглавие Частная микробиология и систематика микроорганизмов
b Продолж. заглавия учеб. пособие для вузов
c Ответственность Федер. агентство по рыболовству, ФГБОУ ВПО "Мурман. гос. техн. ун-т"
260 a Место издания Мурманск
b Издательство Изд-во МГТУ
c Дата издания 2012
300 a Объем 183 с.
b Иллюстрации/ тип воспроизводства цв. ил.
500 a Примечание Имеется электрон. аналог 2012 г.
504 a Библиография Библиогр.: с. 183
583 x Служебное примечание Труды преподавателей МГТУ
650 a Основная рубрика Микробиология-Учебные издания для высших учебных заведений-Бакалавриат-Магистратура
653 a Ключевые слова Бактерии; Вирусы; Вироиды; Вирусоиды; Грациликуты; Грибы; Заболевания вирусные; Заболевания инфекционные; Мендозикуты; Микробиология; Микроорганизмы патогенные; Прионы; Фаги; Прокариоты; Спирохеты; Спириллы; Эукариоты
901 t Тип документа m
952 b Гриф литературы для ВШ Допущено Ученым советом МГТУ
c Вид литературы учебное пособие